[Event "2. Bundesliga Ost 2014/2015"]
[Site "1020 Wien, Haus des Schachsports, Marathonweg 14"]
[Date "2015.01.24"]
[Round "6"]
[Board "5"]
[White "Hechl, Gerald"]
[Black "Lipp, Alfred"]
[Result "1-0"]
[WhiteElo "2180"]
[BlackElo "2118"]
[PlyCount "55"]
[EventDate "2014.10.18"]
[EventType "team"]
[EventRounds "11"]
[EventCountry "AUT"]
[WhiteTeam "SC Data Technology Pressbaum/E."]
[BlackTeam "Zwettl"]

1. e4 c5 2. Nf3 d6 3. d4 cxd4 4. Qxd4 Nc6 5. Bb5 Bd7 6. Bxc6 Bxc6 7. Nc3 Nf6 8.
Bg5 e6 9. O-O-O Be7 10. Rhe1 O-O 11. Kb1 Qc7 12. Qd2 Rfd8 13. Nd4 Rac8 14. f4
h6 15. h4 a6 16. f5 e5 17. Bxf6 Bxf6 18. Nf3 b5 19. g4 b4 20. Nd5 Bxd5 21. exd5
Qc4 22. g5 hxg5 23. hxg5 e4 24. gxf6 exf3 25. Rg1 Qe2 26. Rxg7+ Kf8 27. Rg8+
Kxg8 28. Qg5+ 1-0

[Event "2. Bundesliga Ost 2014/2015"]
[Site "1020 Wien, Haus des Schachsports, Marathonweg 14"]
[Date "2015.01.24"]
[Round "6"]
[Board "1"]
[White "Zilka, Stepan"]
[Black "Baumegger, Siegfried"]
[Result "1-0"]
[WhiteElo "2521"]
[BlackElo "2465"]
[PlyCount "85"]
[EventDate "2014.10.18"]
[EventType "team"]
[EventRounds "11"]
[EventCountry "AUT"]
[WhiteTeam "Blackburne Nickelsdorf"]
[BlackTeam "tschaturanga"]

1. d4 Nf6 2. c4 e6 3. Nf3 d5 4. Nc3 Nbd7 5. Bg5 Bb4 6. e3 c5 7. cxd5 exd5 8.
Bd3 Qa5 9. Qc2 c4 10. Bf5 O-O 11. O-O Re8 12. Nd2 g6 13. Bxd7 Nxd7 14. e4 Bxc3
15. Qxc3 Qxc3 16. bxc3 f6 17. Bh4 g5 18. Bg3 Nb6 19. e5 Bf5 20. a4 Bd3 21. Rfe1
f5 22. h4 g4 23. a5 Nd7 24. Nf1 Nf8 25. Ne3 Rad8 26. Reb1 Ne6 27. Rxb7 f4 28.
Nxg4 fxg3 29. Nh6+ Kh8 30. Nf7+ Kg8 31. Nxd8 gxf2+ 32. Kxf2 Rxd8 33. a6 Rf8+
34. Kg3 Nf4 35. Re1 Ne2+ 36. Rxe2 Bxe2 37. Rxa7 Bh5 38. Rb7 Be8 39. a7 Bc6 40.
Rb6 Ba8 41. h5 h6 42. Rb8 Kg7 43. e6 1-0

[Event "2. Bundesliga Ost 2014/2015"]
[Site "1020 Wien, Haus des Schachsports, Marathonweg 14"]
[Date "2015.01.24"]
[Round "6"]
[Board "2"]
[White "Sadilek, Peter"]
[Black "Schwarhofer, Christopher"]
[Result "0-1"]
[WhiteElo "2283"]
[BlackElo "2394"]
[PlyCount "78"]
[EventDate "2014.10.18"]
[EventType "team"]
[EventRounds "11"]
[EventCountry "AUT"]
[WhiteTeam "tschaturanga"]
[BlackTeam "Blackburne Nickelsdorf"]

1. d4 Nf6 2. c4 g6 3. Nc3 Bg7 4. e4 d6 5. Nf3 O-O 6. Be2 e5 7. d5 a5 8. Bg5 Qe8
9. Nd2 Nfd7 10. g4 Nc5 11. h4 f5 12. gxf5 gxf5 13. h5 h6 14. Be3 Nba6 15. Rg1
Kh7 16. a3 Bd7 17. Qc2 f4 18. Bxc5 Nxc5 19. O-O-O Bf6 20. Rg6 Bh4 21. Rf1 Qe7
22. Nb5 Be8 23. Rg2 c6 24. Nc3 Bd7 25. Rfg1 Rg8 26. Nf3 Rxg2 27. Rxg2 Rg8 28.
Rh2 Bf6 29. b4 axb4 30. axb4 Na6 31. Qb3 c5 32. b5 Nb4 33. Na2 Nxa2+ 34. Qxa2
Bg4 35. Qa7 Kh8 36. Kd2 Qf7 37. Qb6 Qd7 38. Ne1 Bxe2 39. Kxe2 Ra8 0-1

[Event "2. Bundesliga Ost 2014/2015"]
[Site "1020 Wien, Haus des Schachsports, Marathonweg 14"]
[Date "2015.01.24"]
[Round "6"]
[Board "3"]
[White "Lendwai, Reinhard"]
[Black "Karner, Christoph"]
[Result "1/2-1/2"]
[WhiteElo "2347"]
[BlackElo "2333"]
[PlyCount "110"]
[EventDate "2014.10.18"]
[EventType "team"]
[EventRounds "11"]
[EventCountry "AUT"]
[WhiteTeam "Blackburne Nickelsdorf"]
[BlackTeam "tschaturanga"]

1. Nf3 Nf6 2. b3 g6 3. Bb2 Bg7 4. g3 c5 5. c4 Nc6 6. Bg2 O-O 7. O-O d6 8. d4
cxd4 9. Nxd4 Bd7 10. Nc3 Nxd4 11. Qxd4 Bc6 12. Nd5 Ne8 13. Qd2 Bxb2 14. Qxb2 a5
15. Rad1 Bxd5 16. Rxd5 Qc7 17. Rfd1 Nf6 18. R5d4 Rab8 19. Qd2 Rfc8 20. Bh3 Rd8
21. Qh6 e5 22. Rh4 Qe7 23. g4 Qf8 24. Qxf8+ Kxf8 25. g5 Nh5 26. Bg4 h6 27. Bxh5
hxg5 28. Rh3 gxh5 29. Rxh5 a4 30. Rd5 axb3 31. axb3 Ke7 32. Rxg5 Ke6 33. e4 b5
34. cxb5 Rdc8 35. Rg3 Rc5 36. Rxc5 dxc5 37. Rc3 Rxb5 38. Kg2 f5 39. exf5+ Kxf5
40. h4 Kg4 41. Re3 Rb4 42. h5 Kxh5 43. Rxe5+ Kg6 44. Rxc5 Rxb3 45. f3 Rb6 46.
Kg3 Kf6 47. Kg4 Rb4+ 48. f4 Rb6 49. Rh5 Kg7 50. Rh2 Kg6 51. f5+ Kf7 52. Rh7+
Kg8 53. Ra7 Kf8 54. Kg5 Rc6 55. Ra5 Kf7 1/2-1/2

[Event "2. Bundesliga Ost 2014/2015"]
[Site "1020 Wien, Haus des Schachsports, Marathonweg 14"]
[Date "2015.01.24"]
[Round "6"]
[Board "4"]
[White "Wukits, Rene"]
[Black "Pinter, Erik"]
[Result "1-0"]
[WhiteElo "2348"]
[BlackElo "2354"]
[PlyCount "51"]
[EventDate "2014.10.18"]
[EventType "team"]
[EventRounds "11"]
[EventCountry "AUT"]
[WhiteTeam "tschaturanga"]
[BlackTeam "Blackburne Nickelsdorf"]

1. d4 Nf6 2. Nf3 g6 3. Nc3 d5 4. Bf4 Bg7 5. e3 O-O 6. Be2 c6 7. h3 Re8 8. O-O
Bf5 9. Bd3 Bxd3 10. cxd3 Nfd7 11. b4 e6 12. Qb3 Bf8 13. Rfe1 a6 14. a4 a5 15.
bxa5 Ra7 16. a6 Nxa6 17. Nb5 cxb5 18. axb5 Qb6 19. Qa4 Rea8 20. bxa6 Rxa6 21.
Qxd7 Rxa1 22. Ng5 Rxe1+ 23. Kh2 Bg7 24. Qxf7+ Kh8 25. Nxe6 Rg8 26. Nxg7 1-0

[Event "2. Bundesliga Ost 2014/2015"]
[Site "1020 Wien, Haus des Schachsports, Marathonweg 14"]
[Date "2015.01.24"]
[Round "6"]
[Board "5"]
[White "Vlcek, Stanislav"]
[Black "Kreindl, Helmut"]
[Result "0-1"]
[WhiteElo "2321"]
[BlackElo "2219"]
[PlyCount "56"]
[EventDate "2014.10.18"]
[EventType "team"]
[EventRounds "11"]
[EventCountry "AUT"]
[WhiteTeam "Blackburne Nickelsdorf"]
[BlackTeam "tschaturanga"]

1. Nf3 d5 2. g3 Nf6 3. Bg2 e6 4. O-O Be7 5. d3 b5 6. c4 bxc4 7. dxc4 c6 8. Qc2
O-O 9. Nbd2 Bb7 10. b3 Nbd7 11. Bb2 a5 12. Rab1 Qb6 13. Rfe1 Rfd8 14. h3 Rac8
15. a3 c5 16. cxd5 exd5 17. Bc3 Ne4 18. Nxe4 dxe4 19. Nd2 e3 20. Nc4 exf2+ 21.
Kxf2 Qa7 22. Bxa5 Re8 23. Qf5 Bxg2 24. Kxg2 Rc6 25. Rbd1 Re6 26. e4 Bf6 27. Rd3
Ne5 28. Bb6 Qa6 0-1

[Event "2. Bundesliga Ost 2014/2015"]
[Site "1020 Wien, Haus des Schachsports, Marathonweg 14"]
[Date "2015.01.24"]
[Round "6"]
[Board "6"]
[White "Srienz, Christian"]
[Black "Koffler, Daniel"]
[Result "1/2-1/2"]
[WhiteElo "2255"]
[BlackElo "2170"]
[PlyCount "53"]
[EventDate "2014.10.18"]
[EventType "team"]
[EventRounds "11"]
[EventCountry "AUT"]
[WhiteTeam "tschaturanga"]
[BlackTeam "Blackburne Nickelsdorf"]

1. c4 e6 2. Nc3 d5 3. d4 c5 4. e3 Nc6 5. Nf3 Nf6 6. a3 a6 7. cxd5 exd5 8. Be2
c4 9. Ne5 Be7 10. Nxc6 bxc6 11. b3 cxb3 12. Qxb3 O-O 13. Qc2 c5 14. dxc5 Bxc5
15. O-O Qe7 16. Rd1 Be6 17. Bf3 Rfd8 18. Bb2 Rab8 19. Ne2 Rdc8 20. Bxf6 Qxf6
21. Qd3 a5 22. Nd4 h6 23. Qe2 Qe5 24. h3 Bd6 25. g3 Bxh3 26. Nb5 Be6 27. Qd3
 1/2-1/2

[Event "2. Bundesliga Ost 2014/2015"]
[Site "1020 Wien, Haus des Schachsports, Marathonweg 14"]
[Date "2015.01.24"]
[Round "6"]
[Board "1"]
[White "Loeffler, Stefan"]
[Black "Chytilek, Roman"]
[Result "1-0"]
[WhiteElo "2387"]
[BlackElo "2362"]
[PlyCount "57"]
[EventDate "2014.10.18"]
[EventType "team"]
[EventRounds "11"]
[EventCountry "AUT"]
[WhiteTeam "ASVOE VHS Poechlarn"]
[BlackTeam "SV Stockerau"]

1. d4 Nf6 2. Nf3 g6 3. c4 c5 4. d5 b5 5. cxb5 a6 6. e3 axb5 7. Bxb5 Ba6 8. Bxa6
Rxa6 9. Nc3 Bg7 10. e4 d6 11. O-O Nbd7 12. Qe2 Qa8 13. Nb5 Kd8 14. a3 Qb7 15.
a4 Qa8 16. Qc2 Nb6 17. e5 Ne8 18. Ng5 Rf8 19. Nxh7 Rh8 20. Ng5 Rf8 21. e6 f5
22. Nf7+ Kc8 23. Nfxd6+ exd6 24. Nxd6+ Kb8 25. Nxe8 Rxe8 26. Bf4+ Kb7 27. Qxc5
Qc8 28. Qb5 Rg8 29. Rac1 1-0

[Event "2. Bundesliga Ost 2014/2015"]
[Site "1020 Wien, Haus des Schachsports, Marathonweg 14"]
[Date "2015.01.24"]
[Round "6"]
[Board "2"]
[White "Groetz, Harald"]
[Black "Weinzettl, Ernst"]
[Result "0-1"]
[WhiteElo "2309"]
[BlackElo "2297"]
[PlyCount "98"]
[EventDate "2014.10.18"]
[EventType "team"]
[EventRounds "11"]
[EventCountry "AUT"]
[WhiteTeam "SV Stockerau"]
[BlackTeam "ASVOE VHS Poechlarn"]

1. Nf3 Nf6 2. g3 g6 3. Bg2 Bg7 4. O-O O-O 5. d3 d5 6. Nbd2 c5 7. e4 e6 8. c3
Nc6 9. Re1 a5 10. a4 Ra7 11. h4 b6 12. Ra3 Rd7 13. e5 Ng4 14. d4 Rc7 15. Bh3 h5
16. Nf1 cxd4 17. cxd4 Nb4 18. Rc3 Na2 19. Rxc7 Qxc7 20. Bd2 Nh6 21. Qb3 Nb4 22.
Bxb4 axb4 23. Qxb4 Rd8 24. Ne3 Bf8 25. Qd2 Bd7 26. Rc1 Qa7 27. b3 b5 28. axb5
Bxb5 29. Qc3 Rb8 30. Ng5 Bd7 31. Ra1 Qb7 32. Qa5 Bb4 33. Qa7 Bc3 34. Ra6 Bxd4
35. Qxd4 Qxa6 36. Nxd5 exd5 37. Bxd7 Qb6 38. Qxb6 Rxb6 39. e6 Kf8 40. exf7 Nxf7
41. Nxf7 Kxf7 42. Ba4 Kf6 43. Kf1 Ke5 44. Ke2 Kd4 45. Kd2 Rf6 46. f4 Re6 47. b4
Re3 48. b5 Rd3+ 49. Kc2 Ra3 0-1

[Event "2. Bundesliga Ost 2014/2015"]
[Site "1020 Wien, Haus des Schachsports, Marathonweg 14"]
[Date "2015.01.24"]
[Round "6"]
[Board "3"]
[White "Ganaus, Hannes"]
[Black "Schmid, Thomas"]
[Result "1-0"]
[WhiteElo "2322"]
[BlackElo "2193"]
[PlyCount "69"]
[EventDate "2014.10.18"]
[EventType "team"]
[EventRounds "11"]
[EventCountry "AUT"]
[WhiteTeam "ASVOE VHS Poechlarn"]
[BlackTeam "SV Stockerau"]

1. d4 Nf6 2. c4 g6 3. Nc3 Bg7 4. e4 d6 5. Nf3 O-O 6. Be2 e5 7. d5 a5 8. Bg5 h6
9. Be3 Ng4 10. Bc1 f5 11. exf5 gxf5 12. g3 e4 13. Nh4 Ne5 14. Ng2 Nbd7 15. O-O
Nb6 16. Qc2 c6 17. Nf4 a4 18. Nh5 Nbxc4 19. Nxg7 Kxg7 20. Bxc4 Nxc4 21. Nxe4
Ne5 22. Nc3 f4 23. Bxf4 Nf3+ 24. Kh1 Bh3 25. Qe4 Bxf1 26. Qxf3 Bc4 27. dxc6
bxc6 28. Qxc6 Rc8 29. Qxa4 Qe7 30. Qd1 Qb7+ 31. Kg1 Be6 32. Qxd6 Rxf4 33. Qxf4
Rf8 34. Qe5+ Rf6 35. Ne4 1-0

[Event "2. Bundesliga Ost 2014/2015"]
[Site "1020 Wien, Haus des Schachsports, Marathonweg 14"]
[Date "2015.01.24"]
[Round "6"]
[Board "4"]
[White "Pernerstorfer, Johannes"]
[Black "Wilke, Werner"]
[Result "0-1"]
[WhiteElo "2101"]
[BlackElo "2225"]
[PlyCount "94"]
[EventDate "2014.10.18"]
[EventType "team"]
[EventRounds "11"]
[EventCountry "AUT"]
[WhiteTeam "SV Stockerau"]
[BlackTeam "ASVOE VHS Poechlarn"]

1. d4 Nf6 2. c4 c5 3. Nf3 cxd4 4. Nxd4 Nc6 5. Nc3 e6 6. e4 Bb4 7. Nxc6 bxc6 8.
Bd3 e5 9. O-O O-O 10. Bg5 h6 11. Bh4 g5 12. Bg3 d6 13. Rc1 Rb8 14. Qe2 Ne8 15.
Nd1 Bc5 16. Ne3 Ng7 17. Rc2 Qf6 18. Kh1 h5 19. f3 Ne6 20. Nf5 h4 21. Bf2 Nf4
22. Qd1 Bxf2 23. Rcxf2 Bxf5 24. exf5 d5 25. g3 hxg3 26. hxg3 Nh5 27. Rg1 Kg7
28. Rh2 Rh8 29. b3 dxc4 30. Bxc4 Rbd8 31. Qe2 Qd6 32. Qe3 Kf6 33. Qxa7 Nxg3+
34. Rxg3 Qd1+ 35. Qg1 Rxh2+ 36. Kxh2 Rh8+ 37. Kg2 Qd2+ 38. Kf1 Rh2 39. Rg2 Qd1+
40. Kf2 Qd4+ 41. Ke1 Rh1 42. Qxh1 Qa1+ 43. Kf2 Qxh1 44. Bd3 Qa1 45. Kg3 Qe1+
46. Kh2 Qh4+ 47. Kg1 Qd4+ 0-1

[Event "2. Bundesliga Ost 2014/2015"]
[Site "1020 Wien, Haus des Schachsports, Marathonweg 14"]
[Date "2015.01.24"]
[Round "6"]
[Board "5"]
[White "Ernst, Michael"]
[Black "Gajic, Zoran"]
[Result "1/2-1/2"]
[WhiteElo "2134"]
[BlackElo "2106"]
[PlyCount "91"]
[EventDate "2014.10.18"]
[EventType "team"]
[EventRounds "11"]
[EventCountry "AUT"]
[WhiteTeam "ASVOE VHS Poechlarn"]
[BlackTeam "SV Stockerau"]

1. d4 Nf6 2. c4 c6 3. Nf3 d5 4. e3 Bg4 5. Qb3 Qc7 6. Ne5 e6 7. Nc3 Bd6 8. Nxg4
Nxg4 9. h3 Nf6 10. Bd2 Nbd7 11. Rc1 Qb6 12. Qc2 Bb4 13. Bd3 O-O-O 14. O-O Bxc3
15. bxc3 Kb8 16. Rb1 Qc7 17. Rb2 Ka8 18. Rfb1 Rb8 19. c5 b6 20. cxb6 Rxb6 21.
c4 Rxb2 22. Rxb2 Rb8 23. Rxb8+ Nxb8 24. cxd5 exd5 25. Qc5 g6 26. Qf8 Kb7 27.
Bb4 Qd7 28. Bd6 Qe8 29. Qg7 Nbd7 30. Be5 Nxe5 31. dxe5 Qxe5 32. Qxf7+ Kb6 33.
Qf8 c5 34. Qd8+ Kb7 35. Qa5 Qd6 36. g4 a6 37. Qa3 Qb6 38. Qc3 Qd6 39. Bf1 Ne4
40. Qg7+ Qc7 41. Qb2+ Ka7 42. Bg2 Qe7 43. Qa3 Kb6 44. Qb3+ Kc6 45. Qa4+ Kb6 46.
Qb3+ 1/2-1/2

[Event "2. Bundesliga Ost 2014/2015"]
[Site "1020 Wien, Haus des Schachsports, Marathonweg 14"]
[Date "2015.01.24"]
[Round "6"]
[Board "6"]
[White "Piringer, Florian"]
[Black "Gattermayer, Robert"]
[Result "1/2-1/2"]
[WhiteElo "2046"]
[BlackElo "2013"]
[PlyCount "118"]
[EventDate "2014.10.18"]
[EventType "team"]
[EventRounds "11"]
[EventCountry "AUT"]
[WhiteTeam "SV Stockerau"]
[BlackTeam "ASVOE VHS Poechlarn"]

1. e4 e5 2. Nf3 Nf6 3. Nxe5 Nxe4 4. Qe2 Qe7 5. Qxe4 d6 6. d4 dxe5 7. Qxe5 Qxe5+
8. dxe5 Bf5 9. c3 Nd7 10. Bf4 O-O-O 11. Bc4 f6 12. exf6 Re8+ 13. Be3 Nxf6 14.
O-O a6 15. Nd2 Bd6 16. h3 h6 17. Rfe1 Re7 18. Bd4 Rhe8 19. Rxe7 Rxe7 20. a4 Kb8
21. Be3 g5 22. Bd4 Nd7 23. Nf3 Be4 24. Re1 Bxf3 25. Rxe7 Bxe7 26. gxf3 Nf6 27.
Bf7 Kc8 28. Kg2 Kd7 29. f4 Ne4 30. Kf3 Nd6 31. Ba2 Nf5 32. Be5 Nh4+ 33. Ke4 Ng6
34. Bg7 Nxf4 35. Bxh6 Nxh3 36. f3 Nf2+ 37. Kf5 Nd1 38. Bxg5 Nxb2 39. Bb3 Bxg5
40. Kxg5 Ke7 41. Kf4 Nd3+ 42. Ke3 Nc5 43. Bc2 Kf6 44. Kd4 Ne6+ 45. Kd5 Nf4+ 46.
Kc4 Ke5 47. Be4 b6 48. Bb7 a5 49. Be4 Ne6 50. Kb5 Kd6 51. Bf5 Nc5 52. Bc2 Ne6
53. Bf5 Nc5 54. f4 c6+ 55. Kxb6 Nxa4+ 56. Kxa5 Nxc3 57. Bc2 Ne2 58. Be4 Nxf4
59. Bxc6 Kxc6 1/2-1/2

[Event "2. Bundesliga Ost 2014/2015"]
[Site "1020 Wien, Haus des Schachsports, Marathonweg 14"]
[Date "2015.01.24"]
[Round "6"]
[Board "1"]
[White "Smolen, Jan"]
[Black "Banusz, Tamas"]
[Result "0-1"]
[WhiteElo "2453"]
[BlackElo "2595"]
[PlyCount "78"]
[EventDate "2014.10.18"]
[EventType "team"]
[EventRounds "11"]
[EventCountry "AUT"]
[WhiteTeam "ASVOE Pamhagen"]
[BlackTeam "SG Hietzing/Ottakring"]

1. c4 e6 2. d4 d5 3. Nf3 Nf6 4. e3 a6 5. b3 c5 6. cxd5 exd5 7. Be2 Nc6 8. O-O
Bd6 9. Bb2 O-O 10. Nc3 Be6 11. Rc1 cxd4 12. Nxd4 Qb8 13. h3 Nxd4 14. Qxd4 Bh2+
15. Kh1 Be5 16. Qh4 Qd8 17. Na4 Bxb2 18. Nxb2 Qa5 19. Na4 Rac8 20. Qd4 Ne4 21.
Rxc8 Rxc8 22. Bd3 Nf6 23. Rd1 h6 24. Kg1 Rc6 25. Bb1 Qc7 26. Nb2 Rc1 27. Qd2
Rc6 28. Qd4 b5 29. Nd3 a5 30. a3 Rc3 31. Ba2 Ne4 32. Nf4 Nf6 33. b4 Rxa3 34.
Bxd5 Bxd5 35. Nxd5 Nxd5 36. Qxd5 axb4 37. Qd8+ Qxd8 38. Rxd8+ Kh7 39. Rd5 Ra4
 0-1

[Event "2. Bundesliga Ost 2014/2015"]
[Site "1020 Wien, Haus des Schachsports, Marathonweg 14"]
[Date "2015.01.24"]
[Round "6"]
[Board "2"]
[White "Stohl, Igor"]
[Black "Lipka, Juraj"]
[Result "1/2-1/2"]
[WhiteElo "2501"]
[BlackElo "2412"]
[PlyCount "49"]
[EventDate "2014.10.18"]
[EventType "team"]
[EventRounds "11"]
[EventCountry "AUT"]
[WhiteTeam "SG Hietzing/Ottakring"]
[BlackTeam "ASVOE Pamhagen"]

1. d4 g6 2. c4 Bg7 3. Nf3 d6 4. Nc3 c5 5. e4 Bg4 6. d5 Nd7 7. Be2 Bxc3+ 8. bxc3
Qa5 9. O-O Nb6 10. Qb3 Nf6 11. h3 Bxf3 12. Bxf3 Qa4 13. Re1 Qxc4 14. e5 dxe5
15. Rxe5 Qxb3 16. axb3 Kd7 17. Bg5 Rhe8 18. d6 exd6 19. Rxe8 Nxe8 20. Bxb7 Rb8
21. Rxa7 Nc7 22. Bf3 Nc8 23. Rb7 Rxb7 24. Bxb7 d5 25. Bxc8+ 1/2-1/2

[Event "2. Bundesliga Ost 2014/2015"]
[Site "1020 Wien, Haus des Schachsports, Marathonweg 14"]
[Date "2015.01.24"]
[Round "6"]
[Board "3"]
[White "Vitouch, Anatol"]
[Black "Beck, Hartmuth"]
[Result "1-0"]
[WhiteElo "2314"]
[BlackElo "2362"]
[PlyCount "57"]
[EventDate "2014.10.18"]
[EventType "team"]
[EventRounds "11"]
[EventCountry "AUT"]
[WhiteTeam "ASVOE Pamhagen"]
[BlackTeam "SG Hietzing/Ottakring"]

1. g3 c5 2. c4 g6 3. Bg2 Bg7 4. Nc3 Nc6 5. Nf3 Nf6 6. d4 cxd4 7. Nxd4 O-O 8.
O-O Ng4 9. e3 d6 10. Nde2 Rb8 11. b3 Qa5 12. Bd2 Qc5 13. h3 Nge5 14. Na4 Qa3
15. Nec3 Nxc4 16. bxc4 Bf5 17. Qb3 Qb4 18. Qxb4 Nxb4 19. e4 Be6 20. Rab1 Nxa2
21. Nd5 Bxd5 22. exd5 Rfc8 23. c5 dxc5 24. Bf4 Nc3 25. Nxc3 Bxc3 26. Bxb8 Rxb8
27. d6 b6 28. dxe7 Re8 29. Rfe1 1-0

[Event "2. Bundesliga Ost 2014/2015"]
[Site "1020 Wien, Haus des Schachsports, Marathonweg 14"]
[Date "2015.01.24"]
[Round "6"]
[Board "4"]
[White "Penz, Harald"]
[Black "Jacko, Vladimir"]
[Result "1-0"]
[WhiteElo "2321"]
[BlackElo "2269"]
[PlyCount "81"]
[EventDate "2014.10.18"]
[EventType "team"]
[EventRounds "11"]
[EventCountry "AUT"]
[WhiteTeam "SG Hietzing/Ottakring"]
[BlackTeam "ASVOE Pamhagen"]

1. e4 e5 2. Nf3 d6 3. d4 exd4 4. Nxd4 Nf6 5. Nc3 Be7 6. Bf4 O-O 7. Qd2 c6 8.
Be2 Re8 9. O-O Bf8 10. Bf3 Nbd7 11. Bg3 Ne5 12. Be2 Ng6 13. Rad1 Qb6 14. Na4
Qc7 15. f3 Nh5 16. Bf2 Nhf4 17. c4 Qe7 18. Rfe1 Bd7 19. Nc3 Qg5 20. Bg3 h5 21.
Bf1 h4 22. Bxf4 Nxf4 23. Kh1 Qe5 24. Qf2 Be7 25. Nde2 Nh5 26. f4 Qf6 27. e5 Qg6
28. exd6 Bxd6 29. c5 Be7 30. Rxd7 Nf6 31. Rdd1 Ng4 32. Qg1 Bf6 33. Nd4 Rxe1 34.
Rxe1 Rd8 35. Nf3 Qc2 36. h3 Nh6 37. Re2 Qc1 38. Qf2 Nf5 39. Re1 Qxf4 40. Ne4
Bd4 41. Nxd4 1-0

[Event "2. Bundesliga Ost 2014/2015"]
[Site "1020 Wien, Haus des Schachsports, Marathonweg 14"]
[Date "2015.01.24"]
[Round "6"]
[Board "5"]
[White "Alvir, Aco"]
[Black "Schneider-Zinner, Harald"]
[Result "1/2-1/2"]
[WhiteElo "2343"]
[BlackElo "2336"]
[PlyCount "74"]
[EventDate "2014.10.18"]
[EventType "team"]
[EventRounds "11"]
[EventCountry "AUT"]
[WhiteTeam "ASVOE Pamhagen"]
[BlackTeam "SG Hietzing/Ottakring"]

1. e4 e6 2. d4 d5 3. Nc3 Nf6 4. Bg5 dxe4 5. Nxe4 Nbd7 6. Nf3 h6 7. Nxf6+ Nxf6
8. Be3 Bd6 9. Bd3 b6 10. Qe2 Bb7 11. O-O-O O-O 12. c4 c5 13. Ne5 Qc7 14. f4
Rad8 15. Rhf1 cxd4 16. Bxd4 Nd7 17. Nxd7 Rxd7 18. g3 Rfd8 19. Bc3 Bc5 20. f5
exf5 21. Bxf5 Rxd1+ 22. Rxd1 Rxd1+ 23. Kxd1 Qd8+ 24. Bd3 g6 25. Kc2 Bd4 26. Qd2
Qf6 27. a3 Bxc3 28. Qxc3 Qf2+ 29. Qd2 Qd4 30. Qf4 Qxf4 31. gxf4 f5 32. Kc3 Kf7
33. Kd4 Kf6 34. h4 g5 35. hxg5+ hxg5 36. fxg5+ Kxg5 37. b4 Kf6 1/2-1/2

[Event "2. Bundesliga Ost 2014/2015"]
[Site "1020 Wien, Haus des Schachsports, Marathonweg 14"]
[Date "2015.01.24"]
[Round "6"]
[Board "6"]
[White "Dragnev, Valentin"]
[Black "Prinzjakowitsch, Bernhard"]
[Result "1-0"]
[WhiteElo "2321"]
[BlackElo "2147"]
[PlyCount "87"]
[EventDate "2014.10.18"]
[EventType "team"]
[EventRounds "11"]
[EventCountry "AUT"]
[WhiteTeam "SG Hietzing/Ottakring"]
[BlackTeam "ASVOE Pamhagen"]

1. e4 e5 2. Nf3 Nc6 3. Bb5 a6 4. Bxc6 dxc6 5. O-O Qd6 6. b3 Bg4 7. h3 Bh5 8.
Bb2 f6 9. Na3 O-O-O 10. Nc4 Qe6 11. Qe2 Bc5 12. Rfe1 h6 13. Rad1 Ne7 14. g4 Bf7
15. d4 exd4 16. Bxd4 Bd6 17. Bb2 Bb4 18. Rf1 Bc5 19. Nd4 Bxd4 20. Rxd4 Rxd4 21.
Bxd4 h5 22. f4 hxg4 23. hxg4 Qd7 24. Bc3 Bxc4 25. bxc4 Rh4 26. f5 c5 27. Rd1
Qe8 28. Be1 Rh3 29. Kg2 Qh8 30. Bg3 Nc6 31. Qd2 Kb8 32. Qd7 Rxg3+ 33. Kxg3 Qh6
34. Qd2 Qh7 35. Qd5 g5 36. fxg6 Qxg6 37. Rh1 Qe8 38. Qxc5 Ne5 39. Rh7 Qc8 40.
Rg7 c6 41. Qd6+ Ka8 42. Qxf6 Nxc4 43. Qf7 Qb8+ 44. Qc7 1-0

[Event "2. Bundesliga Ost 2014/2015"]
[Site "1020 Wien, Haus des Schachsports, Marathonweg 14"]
[Date "2015.01.24"]
[Round "6"]
[Board "1"]
[White "Pacher, Milan"]
[Black "Szabo, Krisztian"]
[Result "0-1"]
[WhiteElo "2431"]
[BlackElo "2539"]
[PlyCount "96"]
[EventDate "2014.10.18"]
[EventType "team"]
[EventRounds "11"]
[EventCountry "AUT"]
[WhiteTeam "SK Austria"]
[BlackTeam "ASVOE Mattersburg"]

1. e4 e5 2. Nf3 Nc6 3. Bb5 a6 4. Ba4 Nf6 5. O-O b5 6. Bb3 Bc5 7. a4 Rb8 8. axb5
axb5 9. c3 d6 10. d4 Bb6 11. h3 O-O 12. Be3 exd4 13. cxd4 Nxe4 14. Bd5 Qe8 15.
Qc2 Nb4 16. Qxe4 Qxe4 17. Bxe4 d5 18. Bxh7+ Kxh7 19. Nc3 Bf5 20. g4 Bd3 21.
Rfd1 Rbd8 22. Ne5 Bc4 23. Rab1 Bb3 24. Rf1 f6 25. Nf3 c6 26. Nd2 Bc2 27. Rbc1
Bd3 28. Rfd1 Rfe8 29. Nf1 Ra8 30. Ng3 Bc4 31. Rd2 Ba5 32. Nge2 Na2 33. Ra1 Bb4
34. Kg2 Bxe2 35. Rxe2 Nxc3 36. Rxa8 Rxa8 37. bxc3 Bxc3 38. Rc2 b4 39. Bd2 Bxd4
40. Bxb4 c5 41. Bc3 Bxc3 42. Rxc3 c4 43. Kf3 Re8 44. Ra3 d4 45. Ra4 Rc8 46. Ke2
d3+ 47. Kd2 c3+ 48. Kc1 Re8 0-1

[Event "2. Bundesliga Ost 2014/2015"]
[Site "1020 Wien, Haus des Schachsports, Marathonweg 14"]
[Date "2015.01.24"]
[Round "6"]
[Board "2"]
[White "Papp, Gabor"]
[Black "Hangweyrer, Manfred"]
[Result "1/2-1/2"]
[WhiteElo "2559"]
[BlackElo "2362"]
[PlyCount "48"]
[EventDate "2014.10.18"]
[EventType "team"]
[EventRounds "11"]
[EventCountry "AUT"]
[WhiteTeam "ASVOE Mattersburg"]
[BlackTeam "SK Austria"]

1. e4 d5 2. exd5 Nf6 3. d4 Nxd5 4. Nf3 g6 5. c4 Nb6 6. a4 a5 7. c5 Nd5 8. Bc4
Bg7 9. Nc3 c6 10. Qb3 O-O 11. Nxd5 cxd5 12. Bxd5 Nc6 13. Be3 e6 14. Bxc6 bxc6
15. O-O Ba6 16. Rfe1 Rb8 17. Qc2 Qd5 18. Bf4 Rb3 19. Be5 f6 20. Bd6 Ra8 21. Re3
Rb4 22. Rae1 Bc8 23. Bc7 Qa2 24. Qe4 Bd7 1/2-1/2

[Event "2. Bundesliga Ost 2014/2015"]
[Site "1020 Wien, Haus des Schachsports, Marathonweg 14"]
[Date "2015.01.24"]
[Round "6"]
[Board "3"]
[White "Plachetka, Jan"]
[Black "Certek, Pavel"]
[Result "1-0"]
[WhiteElo "2363"]
[BlackElo "2267"]
[PlyCount "65"]
[EventDate "2014.10.18"]
[EventType "team"]
[EventRounds "11"]
[EventCountry "AUT"]
[WhiteTeam "SK Austria"]
[BlackTeam "ASVOE Mattersburg"]

1. e4 c5 2. Nf3 Nc6 3. Nc3 g6 4. d4 cxd4 5. Nxd4 Bg7 6. Be3 Nf6 7. Bc4 O-O 8.
Bb3 d6 9. h3 Bd7 10. O-O Nxd4 11. Bxd4 Bc6 12. Qd3 Qa5 13. Rfe1 Rfc8 14. Nd5
Bxd5 15. exd5 Qd8 16. Re3 a5 17. a4 Bh6 18. Re2 Nd7 19. Rae1 Bg5 20. Qg3 Bf6
21. Bxf6 Nxf6 22. Rxe7 Rc7 23. R7e3 Kg7 24. Qf4 Ng8 25. Re8 Qxe8 26. Rxe8 Rxe8
27. Qxd6 Re1+ 28. Kh2 Rce7 29. Qc5 Rd1 30. d6 Re2 31. Bd5 Re8 32. Bf3 Rb1 33.
d7 1-0